000
00338nam a2200133Ia 4500
008
240624s9999 xx 000 0 und d
041
_a
eng
082
_a
658.8 KIR
100
_a
KIRBY JUSTIN
245
_a
CONNECTED MARKETING THE VIRAL BUZZ AND W
260
_c
2007
_a
Oxford
_b
Elsevier
300
_a
xxxv, : 282p. ; 22cm.
365
_c
RS
_b
33
999
_c
4582
_d
4582